Prvé kroky do praktického života

Projekt Európskej únie Vysokoškoláci do praxe, ktorého cieľom je overiť si získané teoretické vedomosti v praxi podniku v podmienkach reálnej ekonomiky.

Salvato in:
Dettagli Bibliografici
Autore principale: Kremský, Peter
Natura: Capitolo di libro
Lingua:slovacco
Soggetti:
Tags: Aggiungi Tag
Nessun Tag, puoi essere il primo ad aggiungerne!!

MARC

LEADER 00000naa a2200000 4500
001 0185682
005 20231011123553.1
041 0 |a slo 
044 |a SK 
245 1 0 |a Prvé kroky do praktického života  |c Peter Kremský 
520 |a Projekt Európskej únie Vysokoškoláci do praxe, ktorého cieľom je overiť si získané teoretické vedomosti v praxi podniku v podmienkach reálnej ekonomiky. 
610 2 0 |a univerzity 
610 2 0 |a školy vysoké 
610 2 0 |a štúdium vysokoškolské 
610 2 0 |a programy študijné 
610 2 0 |a spolupráca podnikov 
610 2 0 |a škola a prax 
100 1 |a Kremský, Peter